Ο ρόλος των αγροτισσών στην προώθηση της βιωσιμότητας των γεωργικών συστημάτων, περιορισμοί και προοπτικές

Saved in:
Bibliographic Details
Main Author: Τσολάκη, Αικατερίνη
Corporate Author: Πανεπιστήμιο Αιγαίου Σχολή Περιβάλλοντος Τμήμα Περιβάλλοντος Πρόγραμμα Μεταπτυχιακών Σπουδών Γεωργία και Περιβάλλον
Other Authors: Τσαμπούκου-Σκαναβή, Κωνσταντίνα (Thesis advisor), Πετρενίτη, Βασιλική Α. (Thesis advisor)
Format: Thesis Book
Language:Greek
Published: 2010
Subjects:
Online Access:http://hdl.handle.net/11610/15329
Tags: Add Tag
No Tags, Be the first to tag this record!

MARC

LEADER 00000cam a2200000 i 4500
001 1/15381
008 111004s2010 gre d
035 |l 10110962 
040 |a GR-MY-UA  |b gre  |e aacr 
041 0 |a gre 
082 0 |a 305.42  |2 (22) 
100 1 |a Τσολάκη, Αικατερίνη. 
245 1 2 |a Ο ρόλος των αγροτισσών στην προώθηση της βιωσιμότητας των γεωργικών συστημάτων, περιορισμοί και προοπτικές /  |c Τσολάκη Αικατερίνη ; επιβλέπουσα καθηγήτρια: Τσαμπούκου-Σκαναβή Κωνσταντίνα, συνεπιβλέπουσα: Βάσω Πετρενίτη 
260 |c 2010 
300 |a 139 σ.;  |c 30 εκ. 
500 |a Βιβλιογραφία: σ. 120-139 
502 |a Διατριβή (μεταπτυχιακή) – Πανεπιστήμιο Αιγαίου, Λέσβος, 2010. 
650 0 0 |a Women in development  |z Greece. 
650 0 0 |a Women farmers  |z Greece. 
650 0 0 |a Women farmers  |x Social aspects. 
650 0 0 |a Women in cooperative societies  |z Greece. 
650 0 0 |a Dissertations, Academic  |z Greece. 
700 1 |a Τσαμπούκου-Σκαναβή, Κωνσταντίνα.  |4 ths 
700 1 |4 ths  |a Πετρενίτη, Βασιλική Α. 
710 2 |a Πανεπιστήμιο Αιγαίου  |b Σχολή Περιβάλλοντος  |b Τμήμα Περιβάλλοντος  |b Πρόγραμμα Μεταπτυχιακών Σπουδών Γεωργία και Περιβάλλον. 
852 |a INST  |b LESVOS  |c DIATR  |e 20111004  |h 373  |p 005100051457  |q 005100051457  |t MTXE  |y 23 
852 |a INST  |b LESVOS  |c DIATR  |e 20111004  |h 374  |p 005100051456  |q 005100051456  |t MTXE  |y 23 
856 |u http://hdl.handle.net/11610/15329 
901 |a BIBL1-2011-3 
909 |a Λ  |b 171701 
909 |a Λ  |b 171702 
924 |a Τσολάκη  |b Αικατερίνη  |y Λέσβος  |z 2010-12 
970 |a Τζαφέρη  |b Ευαγγελία  |z 2011/10/03